Gaming Quiz

Random Gaming or Logic Quiz

Mastermind VIII Quiz Stats

 Plays Quiz Updated Oct 14, 2021

Support Sporcle.
Go Orange.
Score 0/259 Timer 01:00
13 Plays Today
% Correct
 
92.3%
 
92.3%
 
92.3%
 
92.3%
 
92.3%
 
92.3%
 
92%
 
92%
 
91.3%
 
91.3%
 
91.3%
 
91.3%
 
91.3%
 
91.1%
 
91.1%
 
91.1%
 
91.1%
 
91.1%
 
90.9%
 
90.9%
 
90.9%
 
90.9%
 
90.9%
 
90.9%
 
90.4%
 
90.4%
 
90.3%
 
90.3%
 
90.3%
 
90.3%
 
90.3%
 
90%
 
90%
 
89.7%
 
89%
 
89%
 
89%
 
89%
 
89%
 
89%
 
88.6%
 
88.6%
 
88.6%
 
88.6%
 
88.6%
 
88.4%
 
88.4%
 
88.4%
 
88.4%
 
88.4%
 
88.4%
 
88.4%
 
88.4%
 
88.4%
 
88.4%
 
88.4%
 
88.4%
 
88.4%
 
88.4%
 
88.4%
 
88.1%
 
88.1%
 
88.1%
 
88.1%
 
88.1%
 
88.1%
 
88.1%
 
88.1%
 
88.1%
 
88.1%
 
88.1%
 
88.1%
 
87.9%
 
87.9%
 
87.9%
 
87.9%
 
87.9%
 
87.9%
 
87.9%
 
87.9%
 
87.9%
 
87.9%
 
87.9%
 
87.9%
 
87.9%
 
87.9%
 
87.9%
% Correct
 
87.8%
 
87.8%
 
87.8%
 
87.8%
 
87.8%
 
87.8%
 
87.8%
 
87.8%
 
87.8%
 
87.8%
 
87.8%
 
87.8%
 
87.7%
 
87.7%
 
87.7%
 
87.7%
 
87.7%
 
87.7%
 
87.7%
 
87.7%
 
87.7%
 
87.7%
 
87.7%
 
87.7%
 
87.7%
 
87.7%
 
87.7%
 
87.6%
 
87.6%
 
87.6%
 
87.6%
 
87.6%
 
87.5%
 
87.5%
 
87.5%
 
87.5%
 
87.5%
 
87.4%
 
87.4%
 
87.4%
 
87.4%
 
87.4%
 
87.4%
 
87.4%
 
87.4%
 
87.4%
 
87.4%
 
87.4%
 
87.4%
 
87.4%
 
87.4%
 
87.2%
 
87.2%
 
87.2%
 
87.2%
 
87.2%
 
87.2%
 
87.2%
 
87.2%
 
87.1%
 
87.1%
 
87.1%
 
87.1%
 
87.1%
 
87%
 
87%
 
87%
 
87%
 
87%
 
87%
 
87%
 
87%
 
87%
 
87%
 
87%
 
87%
 
87%
 
87%
 
87%
 
87%
 
87%
 
87%
 
87%
 
87%
 
86.9%
 
86.9%
 
86.9%
% Correct
 
86.9%
 
86.9%
 
86.9%
 
86.9%
 
86.9%
 
86.9%
 
86.9%
 
86.9%
 
86.9%
 
86.9%
 
86.9%
 
86.9%
 
86.9%
 
86.9%
 
86.9%
 
86.9%
 
86.9%
 
86.8%
 
86.8%
 
86.8%
 
86.7%
 
86.7%
 
86.7%
 
86.6%
 
86.6%
 
86.6%
 
86.6%
 
86.6%
 
86.6%
 
86.6%
 
86.6%
 
86.6%
 
86.6%
 
86.6%
 
86.5%
 
86.5%
 
86.5%
 
86.5%
 
86.5%
 
86.5%
 
86.5%
 
86.5%
 
86.5%
 
86.5%
 
86.5%
 
86.5%
 
86.5%
 
86.5%
 
86.5%
 
86.5%
 
86.5%
 
86.5%
 
86.5%
 
86.5%
 
86.5%
 
86.5%
 
86.5%
 
86.5%
 
86.5%
 
86.4%
 
86.4%
 
86.4%
 
86.4%
 
86.4%
 
86.4%
 
86.4%
 
86.4%
 
86.4%
 
86.4%
 
86.4%
 
86.4%
 
86.4%
 
86.4%
 
86.4%
 
86.4%
 
86.4%
 
86.4%
 
86.4%
 
86.4%
 
85.8%
 
85.8%
 
85.8%
 
85.8%
 
85.8%
 
85.8%

From the Vault

Mediterranean Island Hopping

by citkeane

A Mediterranean vacation sounds pretty good right about now.
Remove Ads.
Support Sporcle.
Get the best of Sporcle when you Go Orange. This ad-free experience offers more features, more stats, and more fun while also helping to support Sporcle. Thank you for becoming a member.

Show Comments

Extras

Top Quizzes Today


Score Distribution

Your Account Isn't Verified!

In order to create a playlist on Sporcle, you need to verify the email address you used during registration. Go to your Sporcle Settings to finish the process.

Report this User

Report this user for behavior that violates our Community Guidelines.

Details: